<?xml version="1.0" encoding="UTF-8"?>
<marc:record xmlns:marc="http://www.loc.gov/MARC21/slim">
   <marc:leader>00000nam a2200000 a 4500</marc:leader>
   <marc:datafield ind1="1" ind2=" " tag="100">
      <marc:subfield code="a">Markovits, Klaus</marc:subfield>
      <marc:subfield code="4">aut</marc:subfield>
      <marc:subfield code="e">Verfasser/-in</marc:subfield>
   </marc:datafield>
   <marc:datafield ind1=" " ind2=" " tag="653">
      <marc:subfield code="a">Bildband</marc:subfield>
   </marc:datafield>
   <marc:datafield ind1=" " ind2=" " tag="653">
      <marc:subfield code="a">Bauernhof</marc:subfield>
   </marc:datafield>
   <marc:datafield ind1=" " ind2=" " tag="653">
      <marc:subfield code="a">Vorarlberg</marc:subfield>
   </marc:datafield>
   <marc:datafield ind1="0" ind2="0" tag="245">
      <marc:subfield code="a">Vorarlberger Bauernhöfe</marc:subfield>
   </marc:datafield>
   <marc:datafield ind1="0" ind2="0" tag="245">
      <marc:subfield code="b">bäuerliche Architektur und Wohnkultur im Ländle</marc:subfield>
   </marc:datafield>
   <marc:datafield ind1="0" ind2="0" tag="245">
      <marc:subfield code="c">Markovits, Klaus</marc:subfield>
   </marc:datafield>
   <marc:datafield ind1=" " ind2="1" tag="264">
      <marc:subfield code="a">Innsbruck</marc:subfield>
      <marc:subfield code="b">Universitätsverlag Wagner</marc:subfield>
      <marc:subfield code="c">2019</marc:subfield>
   </marc:datafield>
   <marc:datafield ind1=" " ind2=" " tag="250">
      <marc:subfield code="a">[mit rund 700 Farbfotos bebildert]</marc:subfield>
   </marc:datafield>
   <marc:datafield ind1="1" ind2=" " tag="520">
      <marc:subfield code="a">Angaben aus der Verlagsmeldung &#xD;
&#xD;
 Vorarlberger Bauernhöfe  : Bäuerliche Architektur und Wohnkultur im Ländle  / von Klaus Markovits&#xD;
&#xD;
Ob Bregenzerwald oder Bodenseeregion, ob Rheintal, Walgau oder Montafon, ob Arlbergregion oder die Walsertäler – die Faszination bleibt allemal dieselbe: den Facettenreichtum des Vorarlberger Bauernhauses hautnah zu erleben. Zwar mögen sie in manchen Teilen des "Ländles" ihren ursprünglichen Verwendungszweck nicht mehr erfüllen, doch legen sie dennoch Zeugnis einer jahrhundertelangen Tradition bäuerlichen Wirtschaftens ab. Klaus Markovits bringt den Leserinnen und Lesern anhand von Planskizzen und Landkarten in einem vorangestellten, umfassenden Textteil die grundlegenden Formen des Vorarlberger Bauernhofes näher. Der anschließende Bildteil, der das Innere und Äußere der Bauernhäuser beleuchtet, dokumentiert den Reichtum und die Vielfalt der bäuerlichen Architektur und Wohnkultur Vorarlbergs in rund 700 Aufnahmen.</marc:subfield>
   </marc:datafield>
   <marc:datafield ind1=" " ind2=" " tag="020">
      <marc:subfield code="a">9783703009877</marc:subfield>
      <marc:subfield code="9">9783703009877</marc:subfield>
   </marc:datafield>
   <marc:datafield ind1=" " ind2=" " tag="020">
      <marc:subfield code="a">370300987X</marc:subfield>
      <marc:subfield code="9">370300987X</marc:subfield>
   </marc:datafield>
   <marc:datafield ind1=" " ind2=" " tag="041">
      <marc:subfield code="a">ger</marc:subfield>
   </marc:datafield>
   <marc:datafield ind1=" " ind2=" " tag="338">
      <marc:subfield code="a">Band</marc:subfield>
   </marc:datafield>
   <marc:datafield ind1=" " ind2=" " tag="300">
      <marc:subfield code="a">318 Seiten</marc:subfield>
   </marc:datafield>
</marc:record>
